zpět

Detail výsledku týmu

Chicago Bar & Grill ÚT, Liberec

Datum a čas kvízu

20.5 Celkem bodů Celkový počet nahraných bodů na tomto kvízu bez doplňovacích otázek.
7. Pořadí na kvízu Konečné umístění týmu na tomto kvízu.

Zaznamenané odpovědi

# Otázka Odpověď Body Výsledky
1. Kterého spisovatele parafrázov... Vítězslava Nezvala 0
2. Ve které zemi se 1. 1. 2023 za... v Chorvatsku 1
3. Ve středu se konalo historicky... Štěpán Kozub 1
4. Před Silvestrem spustila nezis... Psohňostroj 0
5. V noci na středu se jistý bask... Luka Dončić 0
6. V tomto tématu budete hledat d... Bodie a Doyle 1
7. Ve světě Azeroth, jak byl před... orkové 0
8. Nedaleko hradu Točníku se nach... Žebrák 1
9. Při stavbě zdi se cihlám klade... běhouny 0
10. Předloktí je tvořeno dvěma dlo... vřetenní 1